| 000 | 00505 a2200169 4500 | ||
|---|---|---|---|
| 020 | _a0023611413 | ||
| 035 | _a7648888 | ||
| 040 |
_aDLC _bDLC |
||
| 100 | 1 | 0 | _aJohnsonbaugh, Richard |
| 245 | 1 | 0 |
_aApplications programming in ANSI C _cRichard Johnsonbaugh & Martin Kalin. |
| 250 | _a3rd ed. | ||
| 260 | 0 |
_aUpper Saddle River, N.J. _b: Prentice Hall _c, c1996. |
|
| 300 |
_axx, 875 p. _b: ill. _c; 24 cm. |
||
| 650 | 0 | _aC (Computer program language) | |
| 700 | 1 | _aKalin, Martin. | |
| 942 |
_cBK _k005.133/C _2ddc |
||
| 999 |
_c5914 _d5914 |
||